Výber a štruktúra učiva športovej gymnastiky v učebných osnovách telesnej výchovy na gymnáziách

Bibliographic Details
Main Author: Varga, Gabriel (Author)
Format: Article
Language:Slovak
PhysicalDescription:Res. rus., angl.
Subjects:

MARC

LEADER 00000nab a2200000 a 4500
001 vtls000099578
003 SK-MaSNL
005 20260303213643.0
008 150118c1980 xo 0 slo
015 |a SNBRA19rr/mm-uuuuu 
035 |a CL0109681 
040 |a SNKBUCL  |b slo  |c SNKBUCL  |e AACR2 
041 0 |a slo 
044 |a xo  |c SK 
080 |a 796.41  |2 1981 
080 |a 373.5  |2 1981 
100 1 |a Varga, Gabriel  |4 aut  |9 7037 
245 1 0 |a Výber a štruktúra učiva športovej gymnastiky v učebných osnovách telesnej výchovy na gymnáziách  |c Gabriel Varga 
300 |b Res. rus., angl. 
650 0 7 |a športová gymnastika  |2 snkbucl  |9 769 
650 0 7 |a gymnáziá  |2 snkbucl  |9 16386 
655 7 |a články zo zborníkov  |2 snkbucl  |9 166140 
773 0 |t Acta Facultatis educationis physicae Universitatis Comenianae  |d Bratislava : SPN, 1980  |g S. 63-71 
850 |a Slovenská národná knižnica v Martine  |a MTA001 
852 |a SNK  |b KIS3GCP 
958 |a RK 
992 |a RZB 
999 |c 2213148  |d 2215078